BASIC SURGICAL SKILLS & TECHNIQUES (Record no. 33430)

MARC details
000 -LEADER
fixed length control field 00390nam a22001697a 4500
003 - CONTROL NUMBER IDENTIFIER
control field SGT
020 ## - INTERNATIONAL STANDARD BOOK NUMBER
International Standard Book Number 9789366167206
082 ## - DEWEY DECIMAL CLASSIFICATION NUMBER
Classification number 617
Item number B25J
100 ## - MAIN ENTRY--PERSONAL NAME
Personal name JAIN, SUDHIR KUMAR
245 ## - TITLE STATEMENT
Title BASIC SURGICAL SKILLS & TECHNIQUES
250 ## - EDITION STATEMENT
Edition statement 4TH
260 ## - PUBLICATION, DISTRIBUTION, ETC. (IMPRINT)
Place of publication, distribution, etc INDIA
Name of publisher, distributor, etc JAYPEE PUB
Year of Publication 2025
300 ## - PAGE DESCRIPTION
No. of Pages 255
650 ## - SUBJECT ADDED ENTRY--TOPICAL TERM
Topical term or geographic name as entry element SURGERY
653 ## - KEYWORDS--INDEX TERM
Keyword term SURGICAL SKILLS & TECHNIQUES
942 ## - ADDED ENTRY ELEMENTS (KOHA)
Source of classification or shelving scheme Dewey Decimal Classification
Koha item type Books
Holdings
Withdrawn status Lost status Source of classification or shelving scheme Damaged status Not for loan Collection code Home library Current library Shelving location Date acquired Vendor Name Cost, normal purchase price SGTU Bill Number Full call number Accession No. (Barcode) Date last seen Bill Date Koha item type Total Checkouts
    Dewey Decimal Classification   Not For Loan MEDICAL SGT Medical Library SGT Medical Library Reference Book 29/11/2025 ABC DELHI 1895.00 SGTU 22053 617 B25J FM15886 22/01/2026 29/11/2025 Books  
    Dewey Decimal Classification     MEDICAL SGT Medical Library SGT Medical Library Text Book 29/11/2025 ABC DELHI 1895.00 SGTU 22053 617 B25J FM15887 22/01/2026 29/11/2025 Books  
    Dewey Decimal Classification     MEDICAL SGT Medical Library SGT Medical Library Text Book 29/11/2025 ABC DELHI 1895.00 SGTU 22053 617 B25J FM15888 22/01/2026 29/11/2025 Books